<?xml version="1.0" encoding="UTF-8"?>
<record
    xmlns:xsi="http://www.w3.org/2001/XMLSchema-instance"
    xsi:schemaLocation="http://www.loc.gov/MARC21/slim http://www.loc.gov/standards/marcxml/schema/MARC21slim.xsd"
    xmlns="http://www.loc.gov/MARC21/slim">

  <leader>01091nam a2200277Ia 4500</leader>
  <controlfield tag="008">240117m2023    sp            000 0 spa d</controlfield>
  <datafield tag="022" ind1=" " ind2=" ">
    <subfield code="a">1889-4135</subfield>
  </datafield>
  <datafield tag="041" ind1=" " ind2=" ">
    <subfield code="a">spa</subfield>
  </datafield>
  <datafield tag="100" ind1="1" ind2=" ">
    <subfield code="a">SAZ CAMPOS, Ismael</subfield>
    <subfield code="9">38536</subfield>
  </datafield>
  <datafield tag="245" ind1="1" ind2="3">
    <subfield code="a">El nacionalismo, nexo y n&#xFA;cleo de la extrema derecha</subfield>
    <subfield code="b">: lo que hay de paradigm&#xE1;tico (y transversal) en el caso espa&#xF1;ol</subfield>
    <subfield code="c">/ Ismael Saz</subfield>
  </datafield>
  <datafield tag="260" ind1=" " ind2=" ">
    <subfield code="a">[Madrid] :</subfield>
    <subfield code="b">Confederaci&#xF3;n Sindical de Comisiones Obreras,</subfield>
    <subfield code="c">2023</subfield>
  </datafield>
  <datafield tag="300" ind1=" " ind2=" ">
    <subfield code="a">14 p.  ;</subfield>
    <subfield code="c"> 30 cm</subfield>
  </datafield>
  <datafield tag="490" ind1="0" ind2=" ">
    <subfield code="a">Gaceta Sindical. Reflexi&#xF3;n y Debate</subfield>
    <subfield code="v">41</subfield>
  </datafield>
  <datafield tag="500" ind1=" " ind2=" ">
    <subfield code="a">En : Gaceta Sindical : Reflexi&#xF3;n y Debate, n. 41 (diciembre 2023), p. 129-142</subfield>
  </datafield>
  <datafield tag="650" ind1=" " ind2="0">
    <subfield code="a">IDEOLOGIA POLITICA</subfield>
    <subfield code="9">1711</subfield>
  </datafield>
  <datafield tag="650" ind1=" " ind2="0">
    <subfield code="a">NACIONALISMO</subfield>
    <subfield code="9">995</subfield>
  </datafield>
  <datafield tag="650" ind1=" " ind2="0">
    <subfield code="a">ESPA&#xD1;A</subfield>
    <subfield code="9">9</subfield>
  </datafield>
  <datafield tag="650" ind1=" " ind2="0">
    <subfield code="a">DEMOCRACIA</subfield>
    <subfield code="9">387</subfield>
  </datafield>
  <datafield tag="650" ind1=" " ind2="0">
    <subfield code="a">POLITICA</subfield>
    <subfield code="9">547</subfield>
  </datafield>
  <datafield tag="650" ind1=" " ind2="0">
    <subfield code="a">ACTITUD SINDICAL</subfield>
    <subfield code="9">61</subfield>
  </datafield>
  <datafield tag="710" ind1=" " ind2=" ">
    <subfield code="a">CCOO.</subfield>
    <subfield code="b">Confederaci&#xF3;n Sindical</subfield>
    <subfield code="9">1616</subfield>
    <subfield code="c">Secretar&#xED;a General</subfield>
  </datafield>
  <datafield tag="710" ind1="2" ind2=" ">
    <subfield code="a">CCOO</subfield>
    <subfield code="b">Confederaci&#xF3;n Sindical</subfield>
    <subfield code="9">27927</subfield>
  </datafield>
  <datafield tag="856" ind1=" " ind2=" ">
    <subfield code="z">PDF</subfield>
    <subfield code="u">https://docpublicos.ccoo.es/cendoc/067401NacionalismoNexoNucleo.pdf</subfield>
  </datafield>
  <datafield tag="907" ind1=" " ind2=" ">
    <subfield code="a">Pol&#xED;tica</subfield>
  </datafield>
  <datafield tag="942" ind1=" " ind2=" ">
    <subfield code="c">DOCU_ELEC</subfield>
    <subfield code="2">ddc</subfield>
    <subfield code="n">0</subfield>
  </datafield>
  <datafield tag="999" ind1=" " ind2=" ">
    <subfield code="c">58803</subfield>
    <subfield code="d">58803</subfield>
  </datafield>
  <datafield tag="952" ind1=" " ind2=" ">
    <subfield code="0">0</subfield>
    <subfield code="1">0</subfield>
    <subfield code="2">ddc</subfield>
    <subfield code="4">0</subfield>
    <subfield code="7">0</subfield>
    <subfield code="a">CENDO</subfield>
    <subfield code="b">CENDO</subfield>
    <subfield code="d">2024-01-18</subfield>
    <subfield code="i">067401</subfield>
    <subfield code="l">0</subfield>
    <subfield code="p">2024-0056</subfield>
    <subfield code="r">2024-01-18 00:00:00</subfield>
    <subfield code="t">PS138</subfield>
    <subfield code="w">2024-01-18</subfield>
    <subfield code="y">DOCU_ELEC</subfield>
  </datafield>
</record>
